000 00712nam a2200229Ia 4500
005 20250508154654.0
008 008 250505s9999 xx 000 0 eng d
037 _aTextBook
040 _aFEDL
_beng
_cFEDL
041 _aeng
_2eng
084 _a371.422, LEE
_qFEDL
100 _aLee James Michael
_987513
245 0 _aGuidance and counseling in schools : Foundations and processes
260 _aNew York, USA
_bMcGraw-Hill Book Company
_c1966
300 _axii,612p
365 _aINR
_b64.44
490 _aMcGraw-Hill Catholic Series in Education
650 _aEducational Guidance
700 _a Pallone Nathaniel J
_9765828
942 _cTB
_h371.422, LEE
999 _c1351524
_d1351524